El Fascismo que viene / (Registro nro. 10490)

Detalles MARC
000 -LEADER
campo de control de longitud fija 00830nam a2200253 i 4500
001 - NÚMERO DE CONTROL
campo de control 10490
003 - IDENTIFICADOR DE NÚMERO DE CONTROL
campo de control ES-MaACL
005 - FECHA Y HORA DE LA ÚLTIMA TRANSACCIÓN
campo de control 20260618165706.0
007 - CAMPO FIJO DE DESCRIPCIÓN FÍSICA--INFORMACIÓN GENERAL
campo de control de longitud fija t|
008 - DATOS DE LONGITUD FIJA--INFORMACIÓN GENERAL
campo de control de longitud fija 950712s1994 sp ||||1| spa d
020 ## - NÚMERO INTERNACIONAL ESTÁNDAR DEL LIBRO
Número Internacional Estándar del Libro 84-483-0077-7
080 ## - NÚMERO DE LA CLASIFICACIÓN DECIMAL UNIVERSAL
Número de la Clasificación Decimal Universal 9(497.1)"1991/--"
100 0# - ENTRADA PRINCIPAL--NOMBRE DE PERSONA
Nombre de persona Julliard, Jacques,
Fechas asociadas al nombre 1933-2023
9 (RLIN) 67258
245 13 - MENCIÓN DEL TÍTULO
Título El Fascismo que viene /
Mención de responsabilidad, etc. Jacques Julliard ; traducción de José Luis Checa Cremades.
260 ## - PUBLICACIÓN, DISTRIBUCIÓN, ETC.
Lugar de publicación, distribución, etc. Madrid :
Nombre del editor, distribuidor, etc. Acento,
Fecha de publicación, distribución, etc. D.L. 1994.
300 ## - DESCRIPCIÓN FÍSICA
Extensión 174 p. ;
Dimensiones 22 cm.
490 1# - MENCIÓN DE SERIE
Mención de serie Signo más ;
Designación de volumen o secuencia 17
504 ## - NOTA DE BIBLIOGRAFÍA, ETC.
Nota de bibliografía, etc. Bibliografía : p. 171-177.
650 #4 - PUNTO DE ACCESO ADICIONAL DE MATERIA--TÉRMINO DE MATERIA
Término de materia o nombre geográfico como elemento de entrada Guerra de Yugoslavia, 1991-1995-
Subdivisión general Causas y antecedentes.
9 (RLIN) 13196
700 1# - ENTRADA AGREGADA--NOMBRE PERSONAL
Nombre de persona Checa Cremades, José Luis,
Fechas asociadas al nombre 1953-
9 (RLIN) 38303
830 0# - PUNTO DE ACCESO ADICIONAL DE SERIE-TÍTULO UNIFORME
Título uniforme Signo más ;
Designación de volumen o secuencia 17
9 (RLIN) 178417
852 ## - LOCALIZACIÓN
Ubicación ES-MaACL
Número de control de estantería L-17873
Sublocalización o colección R.123054
Existencias
Estatus retirado Estado de pérdida Estado de daño No para préstamo Biblioteca de origen Biblioteca actual Ubicación en estantería Fecha de adquisición Fuente de adquisición Total de préstamos Signatura topográfica completa Código de barras Visto por última vez Precio de reemplazo Tipo de ítem Koha
        Biblioteca del Ateneo de Madrid Biblioteca del Ateneo de Madrid Depósito 2 17/01/2008     L-17873 1010700 23/02/2023 23/02/2023 Libro impreso